| 000 | 00512nam a2200181Ia 4500 | ||
|---|---|---|---|
| 008 | 100917s9999 xx 000 0 und d | ||
| 082 | _b13046 | ||
| 100 | _aदारव्हेकर पु. व्यं. | ||
| 245 | _aझिम झिम | ||
| 260 |
_bनागपूर प्रकाशन _c1973 |
||
| 300 | _a18 | ||
| 365 | _b0.75 | ||
| 520 | _aबालविभाग | ||
| 630 | _aझिम झिम | ||
| 650 | _aबालविभाग | ||
| 730 | _aझिम झिम | ||
| 942 | _cBOOK | ||
| 999 |
_c618440 _d618437 |
||